| 000 | 01017nam a22002897a 4500 | ||
|---|---|---|---|
| 003 | CHAP | ||
| 005 | 20220329135011.0 | ||
| 008 | 971013s1967 r 00010 d | ||
| 010 | _a29332 | ||
| 011 | _a30304 | ||
| 035 | _a34416 | ||
| 040 | _cCHAP | ||
| 082 |
_a551.49 _bM3 |
||
| 100 | 0 | 0 |
_aMaderey Rascón, Laura Elena. _969671 |
| 245 | _aEstudio preliminar sobre las aguas subterráneas en México | ||
| 260 |
_aMéxico, D.F. : _bUniversidad Nacional Autónoma de México. Instituto de Geografía, _c1967 |
||
| 300 |
_a77 p. _b; láms. ; mapas |
||
| 590 |
_aBATCH-UPD _b10 _c20130110 _lUCH01 _h2104 |
||
| 590 |
_aBATCH-UPD _b10 _c20130410 _lUCH01 _h1416 |
||
| 590 |
_aBATCH-UPD _b10 _c20130914 _lUCH01 _h2118 |
||
| 590 |
_aCONVERSION _b10 _c20130109 _lUCH01 _h1317 |
||
| 650 | 1 | 4 |
_aAgua subterranea. _92456 |
| 901 | _aBK | ||
| 942 | _cLIBRO | ||
| 949 |
_a551.49 M3 _bBC _cLIBRO _d33724000468310 _eLIBRO _fc.2 _h11622 _i34416 _mD _si _t50.00 |
||
| 949 |
_a551.49 M3 _bBC _cLIBRO _d33724000468328 _eLIBRO _h11396 _i34416 _mD _si _t50.00 |
||
| 999 |
_c29332 _d29332 |
||